[Event "AUT-chT2S 9900"]
[Site "Austria"]
[Date "2000.01.23"]
[Round "6.1"]
[White "Arwanitakis, Michael"]
[Black "Schein, Karl Heinz"]
[Result "0-1"]
[WhiteElo "2155"]
[BlackElo "2229"]
[Annotator "Gabriele Ballarin"]
[PlyCount "54"]
[EventDate "1999.10.??"]
[EventType "team"]
[EventRounds "11"]
[EventCountry "AUT"]
[SourceTitle "EXT 2002"]
[Source "ChessBase"]
[SourceDate "2001.11.25"]
[SourceVersion "1"]
[SourceVersionDate "2001.11.25"]
[SourceQuality "1"]

1. g3 f5 2. d4 Nf6 3. Bg2 g6 4. c3 Bg7 5. Qb3 Nc6 6. Nd2 e6 7. h4 O-O 8. Nh3 Qe7 9. e4 Kh8 10. e5 Ng4 11. Nf3 d6 12. Bg5 Qe8 13. exd6 cxd6 14. O-O-O e5 15. d5 Nd8 16. h5 Bd7 17. Qb4 gxh5 18. Qxd6 Nf7 19. Qa3 e4 20. Rde1 exf3 21. Bxf3 Nfe5 22. Kb1 Qg6 23. Nf4 Qxg5 24. Rxh5 Qf6 25. Bd1 b5 26. Reh1 h6 27. f3 Nf2 0-1

[Event "AUT-chT2S 9900"]
[Site "Austria"]
[Date "2000.01.23"]
[Round "6.1"]
[White "Benda, Herbert"]
[Black "Pichler, Peter"]
[Result "1-0"]
[WhiteElo "2210"]
[BlackElo "2205"]
[Annotator "Gabriele Ballarin"]
[PlyCount "53"]
[EventDate "1999.10.??"]
[EventType "team"]
[EventRounds "11"]
[EventCountry "AUT"]
[SourceTitle "EXT 2002"]
[Source "ChessBase"]
[SourceDate "2001.11.25"]
[SourceVersion "1"]
[SourceVersionDate "2001.11.25"]
[SourceQuality "1"]

1. e4 e6 2. d4 d5 3. Nc3 Bb4 4. e5 c5 5. a3 Bxc3+ 6. bxc3 Ne7 7. Qg4 O-O 8. h4 Nbc6 9. Nf3 Qa5 10. Bd2 Qa4 11. Kd1 f6 12. exf6 Rxf6 13. Bg5 e5 14. Qg3 Nf5 15. Qh2 Nfxd4 16. Nxd4 Nxd4 17. Ra2 Rxf2 18. cxd4 Qxd4+ 19. Kc1 Bg4 20. Bb5 a6 21. Qg3 axb5 22. c3 Rxa2 23. cxd4 h5 24. Qxe5 R8xa3 25. Qxd5+ Kh8 26. Re1 Ra1+ 27. Kb2 1-0

[Event "AUT-chT2S 9900"]
[Site "Austria"]
[Date "2000.01.23"]
[Round "6.1"]
[White "Hebesberger, Thomas"]
[Black "Raffalt, Manfred"]
[Result "1/2-1/2"]
[WhiteElo "2240"]
[BlackElo "2206"]
[Annotator "Gabriele Ballarin"]
[PlyCount "20"]
[EventDate "1999.10.??"]
[EventType "team"]
[EventRounds "11"]
[EventCountry "AUT"]
[SourceTitle "EXT 2002"]
[Source "ChessBase"]
[SourceDate "2001.11.25"]
[SourceVersion "1"]
[SourceVersionDate "2001.11.25"]
[SourceQuality "1"]

1. d4 e6 2. Nf3 d5 3. Bg5 Be7 4. Bxe7 Qxe7 5. Nbd2 Nf6 6. e3 Nbd7 7. c4 O-O 8. Qc2 e5 9. dxe5 Nxe5 10. Be2 Nxc4 1/2-1/2

[Event "AUT-chT2S 9900"]
[Site "Austria"]
[Date "2000.01.23"]
[Round "6.2"]
[White "Aschenbrenner, Robert"]
[Black "Koch, Wolfgang Max"]
[Result "0-1"]
[WhiteElo "2160"]
[BlackElo "2305"]
[Annotator "Gabriele Ballarin"]
[PlyCount "80"]
[EventDate "1999.10.??"]
[EventType "team"]
[EventRounds "11"]
[EventCountry "AUT"]
[SourceTitle "EXT 2002"]
[Source "ChessBase"]
[SourceDate "2001.11.25"]
[SourceVersion "1"]
[SourceVersionDate "2001.11.25"]
[SourceQuality "1"]

1. b3 Nf6 2. Bb2 g6 3. f4 Bg7 4. Nf3 O-O 5. g3 c5 6. Bg2 Nc6 7. c4 d6 8. O-O Rb8 9. h3 a6 10. Ne1 Bd7 11. d3 b5 12. Nd2 Ng4 13. Bxg7 Ne3 14. Qc1 Kxg7 15. Rf3 Nxg2 16. Kxg2 Nd4 17. Rf2 Qc8 18. g4 h5 19. e3 Nc6 20. f5 hxg4 21. hxg4 gxf5 22. g5 Rh8 23. Qc3+ e5 24. Kf1 b4 25. Qb2 Rh3 26. Ndf3 Qh8 27. Ke2 Re8 28. Ng2 Kg8 29. Kd2 Ne7 30. a3 Nc6 31. Rg1 bxa3 32. Qxa3 Nb4 33. Nfe1 f4 34. g6 f5 35. exf4 e4 36. g7 Qh6 37. Rff1 exd3 38. Nf3 Re2+ 39. Kd1 Ra2 40. Qc1 Qf6 0-1

[Event "AUT-chT2S 9900"]
[Site "Austria"]
[Date "2000.01.23"]
[Round "6.2"]
[White "Bukal, Vladimir Jr"]
[Black "Konopka, Michal"]
[Result "0-1"]
[WhiteElo "2390"]
[BlackElo "2484"]
[Annotator "Gabriele Ballarin"]
[PlyCount "88"]
[EventDate "1999.10.??"]
[EventType "team"]
[EventRounds "11"]
[EventCountry "AUT"]
[SourceTitle "EXT 2002"]
[Source "ChessBase"]
[SourceDate "2001.11.25"]
[SourceVersion "1"]
[SourceVersionDate "2001.11.25"]
[SourceQuality "1"]

1. d4 Nf6 2. c4 g6 3. Nc3 d5 4. cxd5 Nxd5 5. Bd2 Bg7 6. e4 Nb6 7. Be3 O-O 8. Be2 Nc6 9. Nf3 Bg4 10. d5 Bxf3 11. gxf3 Na5 12. Bd4 Qd6 13. Bxg7 Kxg7 14. Qd2 Qf6 15. f4 c6 16. e5 Qf5 17. d6 Rfd8 18. O-O-O exd6 19. exd6 Qc5 20. Kb1 Nac4 21. Bxc4 Nxc4 22. Qd4+ Qxd4 23. Rxd4 Nb6 24. a4 Nd5 25. Nxd5 Rxd6 26. Nc7 Rxd4 27. Nxa8 Rd8 28. Nc7 Rc8 29. Na6 bxa6 30. Kc2 Rb8 31. Kc3 c5 32. f5 Rb4 33. fxg6 hxg6 34. b3 Rf4 35. Rd1 Rxf2 36. Rd7 Rxh2 37. Rxa7 g5 38. Rxa6 g4 39. Rd6 f5 40. Kd3 Rh3+ 41. Ke2 Rxb3 42. Rd5 Kf6 43. Rxc5 Ra3 44. a5 Kg5 0-1

[Event "AUT-chT2S 9900"]
[Site "Austria"]
[Date "2000.01.23"]
[Round "6.2"]
[White "Solinas, Carlo"]
[Black "Spirk, Stefan"]
[Result "0-1"]
[WhiteElo "2087"]
[BlackElo "2251"]
[Annotator "Gabriele Ballarin"]
[PlyCount "110"]
[EventDate "1999.10.??"]
[EventType "team"]
[EventRounds "11"]
[EventCountry "AUT"]
[SourceTitle "EXT 2002"]
[Source "ChessBase"]
[SourceDate "2001.11.25"]
[SourceVersion "1"]
[SourceVersionDate "2001.11.25"]
[SourceQuality "1"]

1. e4 c5 2. d4 e6 3. Nf3 cxd4 4. c3 d5 5. exd5 Qxd5 6. cxd4 Nc6 7. Be2 Nf6 8. O-O Bd6 9. Nc3 Qa5 10. a3 O-O 11. Bg5 Nd5 12. Bd2 Qd8 13. g3 Nde7 14. Ne4 Bc7 15. Qc2 h6 16. Rad1 Bb6 17. Bf4 Nf5 18. d5 exd5 19. Nc5 Bxc5 20. Qxc5 Be6 21. Bc4 Qe7 22. Qxe7 Nfxe7 23. Bd3 Rfd8 24. Rfe1 Rac8 25. b4 a6 26. Be3 Nf5 27. Bb6 Re8 28. Bxf5 Bxf5 29. Re3 Bg4 30. Kg2 Rxe3 31. fxe3 Bxf3+ 32. Kxf3 Ne5+ 33. Kf4 Nc4 34. Bc5 b6 35. Bd4 Re8 36. Rd3 Re4+ 37. Kf3 f5 38. Ba1 g6 39. Bd4 Kf7 40. Ba1 Ke6 41. Bg7 Ne5+ 42. Bxe5 Kxe5 43. h3 g5 44. Rc3 Rc4 45. Rd3 g4+ 46. hxg4 fxg4+ 47. Kf2 Rc2+ 48. Kf1 Ke4 49. Rd4+ Kf3 50. Rf4+ Kxg3 51. Rf5 Kh4 52. Rxd5 g3 53. e4 h5 54. Rf5 Kg4 55. Rf7 Kh3 0-1

[Event "AUT-chT2S 9900"]
[Site "Austria"]
[Date "2000.01.23"]
[Round "6.3"]
[White "Kurasch, Josef"]
[Black "Krebs, Johann"]
[Result "0-1"]
[WhiteElo "2130"]
[BlackElo "2130"]
[Annotator "Gabriele Ballarin"]
[PlyCount "116"]
[EventDate "1999.10.??"]
[EventType "team"]
[EventRounds "11"]
[EventCountry "AUT"]
[SourceTitle "EXT 2002"]
[Source "ChessBase"]
[SourceDate "2001.11.25"]
[SourceVersion "1"]
[SourceVersionDate "2001.11.25"]
[SourceQuality "1"]

1. c4 Nf6 2. Nc3 g6 3. Nf3 Bg7 4. g3 O-O 5. Bg2 d6 6. O-O e5 7. d3 a5 8. Rb1 Re8 9. Ng5 Nbd7 10. Bd2 Nc5 11. Qc1 c6 12. b3 Bf5 13. Nge4 Nfxe4 14. dxe4 Bd7 15. Bg5 Qc7 16. Rd1 Ne6 17. Be3 Nd4 18. Qd2 Rad8 19. Bg5 f6 20. Be3 Qb6 21. Na4 Qb4 22. Bxd4 exd4 23. Qc1 d5 24. a3 Qe7 25. exd5 Qxe2 26. Rxd4 Bf5 27. Nc3 Qe5 28. Rd1 Bxb1 29. Nxb1 f5 30. h3 Qe2 31. Rf1 c5 32. Qg5 Qe7 33. Qd2 b6 34. b4 axb4 35. axb4 Qe2 36. Qxe2 Rxe2 37. bxc5 bxc5 38. Na3 Bd4 39. Nb5 Rd2 40. d6 Kg7 41. Bd5 Be5 42. Re1 Bxd6 43. Re6 Bf8 44. g4 fxg4 45. hxg4 Kh6 46. f4 Bg7 47. g5+ Kh5 48. Bf3+ Kh4 49. Bd5 Kg3 50. Kf1 Bd4 51. Re7 Rb2 52. Nc7 Rdb8 53. Nb5 Rf8 54. Bf7 Rf2+ 55. Ke1 Rxf4 56. Nd6 Kh4 57. Bd5 Rf1+ 58. Ke2 R8f2+ 0-1

[Event "AUT-chT2S 9900"]
[Site "Austria"]
[Date "2000.01.23"]
[Round "6.3"]
[White "Peisser, Manfred"]
[Black "Kuess, Mario"]
[Result "1-0"]
[WhiteElo "2114"]
[BlackElo "2150"]
[Annotator "Gabriele Ballarin"]
[PlyCount "83"]
[EventDate "1999.10.??"]
[EventType "team"]
[EventRounds "11"]
[EventCountry "AUT"]
[SourceTitle "EXT 2002"]
[Source "ChessBase"]
[SourceDate "2001.11.25"]
[SourceVersion "1"]
[SourceVersionDate "2001.11.25"]
[SourceQuality "1"]

1. d4 Nf6 2. Nf3 g6 3. g3 Bg7 4. Bg2 d6 5. O-O O-O 6. b3 Nbd7 7. Bb2 c6 8. c4 Re8 9. Nc3 Qc7 10. e4 e5 11. dxe5 dxe5 12. Qc2 a5 13. Na4 b6 14. Rfe1 Ba6 15. Ba3 Nf8 16. Rad1 c5 17. Bb2 N6d7 18. Nc3 Ne6 19. Nd5 Qc6 20. a4 Nd4 21. Qd3 Rad8 22. Bh3 Nf6 23. Bc1 Qd6 24. Ba3 Nxd5 25. exd5 Qxd5 26. Nxd4 Qxd4 27. Qc2 Qxd1 28. Rxd1 Rd4 29. Bb2 Rxd1+ 30. Qxd1 Bf6 31. Bg2 Rd8 32. Bd5 Kg7 33. Qe1 Re8 34. f4 e4 35. Bxf6+ Kxf6 36. Bxe4 Kg7 37. Qb1 Bc8 38. Kf2 Bg4 39. Bf3 Bf5 40. Qb2+ Kg8 41. g4 Bd7 42. h4 1-0

[Event "AUT-chT2S 9900"]
[Site "Austria"]
[Date "2000.01.23"]
[Round "6.3"]
[White "Pesorda, Ivan"]
[Black "Eichhorn, Alfred"]
[Result "1-0"]
[WhiteElo "2180"]
[BlackElo "2178"]
[Annotator "Gabriele Ballarin"]
[PlyCount "74"]
[EventDate "1999.10.??"]
[EventType "team"]
[EventRounds "11"]
[EventCountry "AUT"]
[SourceTitle "EXT 2002"]
[Source "ChessBase"]
[SourceDate "2001.11.25"]
[SourceVersion "1"]
[SourceVersionDate "2001.11.25"]
[SourceQuality "1"]

1. d4 Nf6 2. c4 g6 3. Nc3 d5 4. f3 Bg7 5. e4 dxe4 6. fxe4 e5 7. d5 c6 8. Nf3 O-O 9. Bd3 cxd5 10. cxd5 Nxe4 11. Nxe4 f5 12. O-O fxe4 13. Bxe4 Nd7 14. d6 Kh8 15. Bg5 Nf6 16. Kh1 Bg4 17. Qd3 Qe8 18. Rad1 Nxe4 19. Qxe4 Bxf3 20. Rxf3 Rxf3 21. gxf3 Qd7 22. Qg4 Qf7 23. d7 Bf6 24. d8=Q+ Rxd8 25. Rxd8+ Bxd8 26. Bxd8 Qxa2 27. Bf6+ Kg8 28. Qd7 Qf7 29. Qd8+ Qf8 30. Qd5+ Qf7 31. Qxe5 Qd7 32. Kg2 Kf7 33. Kg3 b5 34. b4 h6 35. Bg7 Qd3 36. Qf6+ Ke8 37. Qe6+ Kd8 1-0

[Event "AUT-chT2S 9900"]
[Site "Austria"]
[Date "2000.01.23"]
[Round "6.3"]
[White "Tratar, Marko"]
[Black "Mohr, Georg"]
[Result "1/2-1/2"]
[WhiteElo "2442"]
[BlackElo "2483"]
[Annotator "Gabriele Ballarin"]
[PlyCount "27"]
[EventDate "1999.10.??"]
[EventType "team"]
[EventRounds "11"]
[EventCountry "AUT"]
[SourceTitle "EXT 2002"]
[Source "ChessBase"]
[SourceDate "2001.11.25"]
[SourceVersion "1"]
[SourceVersionDate "2001.11.25"]
[SourceQuality "1"]

1. Nf3 Nf6 2. c4 g6 3. Nc3 Bg7 4. e4 d6 5. d4 O-O 6. Be2 e5 7. d5 a5 8. Bg5 h6 9. Bh4 Na6 10. Nd2 Qe8 11. a3 Bd7 12. b3 h5 13. O-O Bh6 14. Kh1 1/2-1/2

[Event "AUT-chT2S 9900"]
[Site "Austria"]
[Date "2000.01.23"]
[Round "6.3"]
[White "Valent, Peter"]
[Black "Scheck, Rudolf"]
[Result "0-1"]
[WhiteElo "2064"]
[BlackElo "2175"]
[Annotator "Gabriele Ballarin"]
[PlyCount "69"]
[EventDate "1999.10.??"]
[EventType "team"]
[EventRounds "11"]
[EventCountry "AUT"]
[SourceTitle "EXT 2002"]
[Source "ChessBase"]
[SourceDate "2001.11.25"]
[SourceVersion "1"]
[SourceVersionDate "2001.11.25"]
[SourceQuality "1"]

1. e4 c5 2. Nc3 Nc6 3. Nf3 d6 4. d4 cxd4 5. Nxd4 Nf6 6. Bg5 e6 7. Qd2 a6 8. O-O-O Bd7 9. f4 h6 10. Bxf6 Qxf6 11. Nf3 Qd8 12. g4 Rc8 13. h4 b5 14. Bd3 Qb6 15. Kb1 Qc5 16. g5 Nb4 17. g6 Qh5 18. gxf7+ Qxf7 19. e5 Nxd3 20. Qxd3 d5 21. Nd4 Bc5 22. f5 Bxd4 23. fxe6 Bxe6 24. Rdf1 Rxc3 25. bxc3 Bf2 26. Rh2 Bf5 27. e6 Qxe6 28. Qd1 Bg3 29. Re2 Be4 30. Qd4 Rf8 31. Rd1 Kf7 32. Rg1 Be5 33. Qa7+ Kg8 34. Rge1 Bxc3 35. Qb7 0-1

[Event "AUT-chT2S 9900"]
[Site "Austria"]
[Date "2000.01.23"]
[Round "6.4"]
[White "Beck, Hartmuth"]
[Black "Pilaj, Herwig"]
[Result "1-0"]
[WhiteElo "2235"]
[BlackElo "2197"]
[Annotator "Gabriele Ballarin"]
[PlyCount "71"]
[EventDate "1999.10.??"]
[EventType "team"]
[EventRounds "11"]
[EventCountry "AUT"]
[SourceTitle "EXT 2002"]
[Source "ChessBase"]
[SourceDate "2001.11.25"]
[SourceVersion "1"]
[SourceVersionDate "2001.11.25"]
[SourceQuality "1"]

1. d4 Nf6 2. c4 c5 3. d5 b5 4. cxb5 a6 5. bxa6 Bxa6 6. b3 Qa5+ 7. Bd2 Qc7 8. Nc3 g6 9. g3 d6 10. Bg2 Nbd7 11. h4 Bg7 12. Nh3 O-O 13. Nf4 Rfb8 14. Rb1 Ne5 15. O-O Ra7 16. Qc2 Rab7 17. Rfc1 Qb6 18. Be1 Qa7 19. Ne4 Nfg4 20. Bh3 h5 21. Ng5 Bb5 22. Bxg4 hxg4 23. Bc3 Be8 24. Kg2 Ra8 25. Ra1 Rb6 26. Rh1 Ra6 27. a4 Qb7 28. h5 e6 29. hxg6 exd5 30. gxf7+ Bxf7 31. Qh7+ Kf8 32. Nfe6+ Ke7 33. Bxe5 d4+ 34. f3 gxf3+ 35. exf3 dxe5 36. Qxg7 1-0

[Event "AUT-chT2S 9900"]
[Site "Austria"]
[Date "2000.01.23"]
[Round "6.4"]
[White "Genser, Harald"]
[Black "Brod, Manfred"]
[Result "1/2-1/2"]
[WhiteElo "2160"]
[BlackElo "2223"]
[Annotator "Gabriele Ballarin"]
[PlyCount "41"]
[EventDate "1999.10.??"]
[EventType "team"]
[EventRounds "11"]
[EventCountry "AUT"]
[SourceTitle "EXT 2002"]
[Source "ChessBase"]
[SourceDate "2001.11.25"]
[SourceVersion "1"]
[SourceVersionDate "2001.11.25"]
[SourceQuality "1"]

1. e4 c5 2. Nf3 e6 3. d4 cxd4 4. Nxd4 Nf6 5. Nc3 d6 6. g3 a6 7. Bg2 Qc7 8. O-O Nc6 9. Be3 Be7 10. f4 O-O 11. Kh1 Re8 12. Nb3 Rb8 13. a4 b6 14. Qe2 Nd7 15. g4 Bf8 16. Rad1 Nc5 17. Nd2 Nb4 18. Rc1 g6 19. Qc4 a5 20. Nb5 Qd7 21. Bxc5 1/2-1/2

[Event "AUT-chT2S 9900"]
[Site "Austria"]
[Date "2000.01.23"]
[Round "6.4"]
[White "Insam, Heinz"]
[Black "Waldmann, Gerald"]
[Result "1/2-1/2"]
[WhiteElo "2260"]
[BlackElo "2155"]
[Annotator "Gabriele Ballarin"]
[PlyCount "48"]
[EventDate "1999.10.??"]
[EventType "team"]
[EventRounds "11"]
[EventCountry "AUT"]
[SourceTitle "EXT 2002"]
[Source "ChessBase"]
[SourceDate "2001.11.25"]
[SourceVersion "1"]
[SourceVersionDate "2001.11.25"]
[SourceQuality "1"]

1. d4 Nf6 2. Bg5 d5 3. e3 Bf5 4. Bd3 Bxd3 5. Qxd3 c6 6. Nd2 Nbd7 7. f4 e6 8. Nh3 Be7 9. O-O h6 10. Bxf6 Nxf6 11. Nf2 Qb6 12. Nf3 Qb5 13. Qd1 O-O 14. Rb1 c5 15. Ne5 Rac8 16. c3 Bd6 17. g4 Bxe5 18. fxe5 Nh7 19. h4 f6 20. Nd3 fxe5 21. Nxe5 cxd4 22. exd4 Rxf1+ 23. Qxf1 Qxf1+ 24. Rxf1 Rf8 1/2-1/2

[Event "AUT-chT2S 9900"]
[Site "Austria"]
[Date "2000.01.23"]
[Round "6.4"]
[White "Nickl, Klaus"]
[Black "Buchegger, Karl"]
[Result "1/2-1/2"]
[WhiteElo "2200"]
[BlackElo "2196"]
[Annotator "Gabriele Ballarin"]
[PlyCount "38"]
[EventDate "1999.10.??"]
[EventType "team"]
[EventRounds "11"]
[EventCountry "AUT"]
[SourceTitle "EXT 2002"]
[Source "ChessBase"]
[SourceDate "2001.11.25"]
[SourceVersion "1"]
[SourceVersionDate "2001.11.25"]
[SourceQuality "1"]

1. d4 Nf6 2. Nf3 b6 3. e3 Bb7 4. Bd3 e6 5. Nbd2 d5 6. O-O Be7 7. Qe2 Ne4 8. Ne5 O-O 9. f3 Nxd2 10. Bxd2 Nd7 11. f4 c5 12. c3 Nf6 13. Be1 Ne4 14. Bxe4 dxe4 15. f5 Qc8 16. dxc5 exf5 17. c6 Bxc6 18. Nxc6 Qxc6 19. Rxf5 g6 1/2-1/2

[Event "AUT-chT2S 9900"]
[Site "Austria"]
[Date "2000.01.23"]
[Round "6.5"]
[White "Egartner, Wolfgang"]
[Black "Riedner, Martin"]
[Result "1/2-1/2"]
[WhiteElo "2141"]
[BlackElo "2229"]
[Annotator "Gabriele Ballarin"]
[PlyCount "68"]
[EventDate "1999.10.??"]
[EventType "team"]
[EventRounds "11"]
[EventCountry "AUT"]
[SourceTitle "EXT 2002"]
[Source "ChessBase"]
[SourceDate "2001.11.25"]
[SourceVersion "1"]
[SourceVersionDate "2001.11.25"]
[SourceQuality "1"]

1. d4 e6 2. g3 c5 3. Nf3 d5 4. Bg2 Nc6 5. O-O Nf6 6. c4 cxd4 7. Nxd4 Qb6 8. Nxc6 bxc6 9. Nc3 Be7 10. cxd5 exd5 11. e4 dxe4 12. Nxe4 O-O 13. Qc2 Rb8 14. Nxf6+ Bxf6 15. Be4 Bh3 16. Rd1 h5 17. Bh7+ Kh8 18. Bf5 Bxf5 19. Qxf5 Qb5 20. Qxb5 Rxb5 21. Rb1 a5 22. b3 a4 23. Bf4 g5 24. Be3 Rfb8 25. Rbc1 axb3 26. axb3 Rxb3 27. Rxc6 Rb1 28. Rxb1 Rxb1+ 29. Kg2 Kg7 30. h3 Rb4 31. Bd2 Ra4 32. Bc3 Bxc3 33. Rxc3 Kg6 34. Rc5 f6 1/2-1/2

[Event "AUT-chT2S 9900"]
[Site "Austria"]
[Date "2000.01.23"]
[Round "6.5"]
[White "Rudolph, Johannes"]
[Black "Dohr, Alexander"]
[Result "1-0"]
[WhiteElo "2237"]
[BlackElo "2193"]
[Annotator "Gabriele Ballarin"]
[PlyCount "127"]
[EventDate "1999.10.??"]
[EventType "team"]
[EventRounds "11"]
[EventCountry "AUT"]
[SourceTitle "EXT 2002"]
[Source "ChessBase"]
[SourceDate "2001.11.25"]
[SourceVersion "1"]
[SourceVersionDate "2001.11.25"]
[SourceQuality "1"]

1. d4 c6 2. c4 f5 3. g3 Nf6 4. Bg2 g6 5. Nf3 d6 6. Nc3 Bg7 7. O-O O-O 8. Qb3 Na6 9. Qa3 Nc7 10. b4 Nh5 11. b5 Be6 12. bxc6 bxc6 13. Qa4 Bd7 14. Qc2 Qc8 15. Rd1 f4 16. Bd2 Qa6 17. c5 Bf5 18. Qb3+ d5 19. Rac1 Rab8 20. Qa4 Qxa4 21. Nxa4 Ne6 22. e3 fxg3 23. fxg3 Bd3 24. Ne5 Bxe5 25. dxe5 Be2 26. Re1 Bb5 27. Nc3 Nxc5 28. Nxb5 Rxb5 29. Bf1 Rb2 30. Rxc5 Rxd2 31. Re2 Rd1 32. Rf2 Rxf2 33. Kxf2 Rd2+ 34. Be2 Rxa2 35. Rxc6 Kf7 36. Kf3 Ng7 37. g4 Ra3 38. Kf2 Ne6 39. h4 Ra4 40. Bf3 Ra5 41. Bd1 Ra2+ 42. Ke1 Ra3 43. Kf2 a5 44. Bf3 Ra2+ 45. Ke1 Ra1+ 46. Kd2 Nd8 47. Bxd5+ e6 48. Rc7+ Ke8 49. Bc4 Rg1 50. Rxh7 Rxg4 51. Bb5+ Kf8 52. Rh8+ Ke7 53. Re8+ Kf7 54. Rxd8 Rxh4 55. Rd7+ Kf8 56. Kd3 Rb4 57. Bc4 a4 58. Ra7 g5 59. Bxe6 g4 60. Bd5 g3 61. e6 Rb3+ 62. Bxb3 g2 63. e7+ Ke8 64. Bxa4+ 1-0

[Event "AUT-chT2S 9900"]
[Site "Austria"]
[Date "2000.01.23"]
[Round "6.5"]
[White "Siklosi, Zoltan"]
[Black "Forintos, Gyozo Victor"]
[Result "1/2-1/2"]
[WhiteElo "2337"]
[BlackElo "2343"]
[Annotator "Gabriele Ballarin"]
[PlyCount "38"]
[EventDate "1999.10.??"]
[EventType "team"]
[EventRounds "11"]
[EventCountry "AUT"]
[SourceTitle "EXT 2002"]
[Source "ChessBase"]
[SourceDate "2001.11.25"]
[SourceVersion "1"]
[SourceVersionDate "2001.11.25"]
[SourceQuality "1"]

1. e4 c5 2. Nf3 g6 3. d4 Bg7 4. dxc5 Qa5+ 5. Bd2 Qxc5 6. Nc3 d6 7. Bd3 Nf6 8. O-O Nc6 9. h3 O-O 10. Be3 Qh5 11. Ne2 Nb4 12. Qd2 Nxd3 13. cxd3 Qb5 14. Nfd4 Qa6 15. a4 Bd7 16. b4 b6 17. a5 e5 18. b5 Qb7 19. a6 Qb8 1/2-1/2

[Event "AUT-chT2S 9900"]
[Site "Austria"]
[Date "2000.01.23"]
[Round "6.5"]
[White "Singer, Richard"]
[Black "Tabernig, Bernhard"]
[Result "1-0"]
[WhiteElo "2290"]
[BlackElo "2360"]
[Annotator "Gabriele Ballarin"]
[PlyCount "43"]
[EventDate "1999.10.??"]
[EventType "team"]
[EventRounds "11"]
[EventCountry "AUT"]
[SourceTitle "EXT 2002"]
[Source "ChessBase"]
[SourceDate "2001.11.25"]
[SourceVersion "1"]
[SourceVersionDate "2001.11.25"]
[SourceQuality "1"]

1. d4 Nf6 2. c4 e6 3. Nf3 d5 4. Nc3 Bb4 5. Qb3 c5 6. Bg5 Nc6 7. e3 Na5 8. Qc2 Nxc4 9. Bxc4 dxc4 10. O-O Qa5 11. Bxf6 gxf6 12. Ne4 cxd4 13. Qxc4 Be7 14. Rac1 O-O 15. Rfd1 f5 16. Ng3 dxe3 17. fxe3 Qb4 18. Qc7 Bf6 19. Nh5 Bg7 20. Rd4 Qxb2 21. Qg3 Qxc1+ 22. Kf2 1-0

[Event "AUT-chT2S 9900"]
[Site "Austria"]
[Date "2000.01.23"]
[Round "6.5"]
[White "Wegerer, Fred"]
[Black "Jacob, Volker"]
[Result "0-1"]
[WhiteElo "2196"]
[BlackElo "2218"]
[Annotator "Gabriele Ballarin"]
[PlyCount "66"]
[EventDate "1999.10.??"]
[EventType "team"]
[EventRounds "11"]
[EventCountry "AUT"]
[SourceTitle "EXT 2002"]
[Source "ChessBase"]
[SourceDate "2001.11.25"]
[SourceVersion "1"]
[SourceVersionDate "2001.11.25"]
[SourceQuality "1"]

1. Nf3 Nf6 2. d4 e6 3. Nbd2 d5 4. e3 b6 5. c3 Be7 6. Bd3 Bb7 7. Ne5 a6 8. f4 Ne4 9. Qf3 Nd6 10. O-O Nd7 11. Qh3 Nf6 12. Ndf3 Nfe4 13. Bd2 c5 14. Be1 Qc7 15. Rc1 c4 16. Bb1 Bf6 17. g4 O-O-O 18. b3 h6 19. Qg2 g5 20. fxg5 hxg5 21. Nd2 Bg7 22. Bxe4 Bxe5 23. dxe5 Nxe4 24. Nxe4 dxe4 25. bxc4 Rd3 26. Qe2 Rhd8 27. Rb1 R8d7 28. Qb2 Rxe3 29. Bf2 Red3 30. Bxb6 Qxe5 31. Qb4 Rg3+ 32. Kf2 Qf4+ 33. Ke1 Qe3+ 0-1

[Event "AUT-chT2S 9900"]
[Site "Austria"]
[Date "2000.01.23"]
[Round "6.6"]
[White "Casagrande, Harald"]
[Black "Kleiser, Gregor"]
[Result "1-0"]
[WhiteElo "2360"]
[BlackElo "2157"]
[Annotator "Gabriele Ballarin"]
[PlyCount "93"]
[EventDate "1999.10.??"]
[EventType "team"]
[EventRounds "11"]
[EventCountry "AUT"]
[SourceTitle "EXT 2002"]
[Source "ChessBase"]
[SourceDate "2001.11.25"]
[SourceVersion "1"]
[SourceVersionDate "2001.11.25"]
[SourceQuality "1"]

1. d4 Nf6 2. Bg5 c5 3. Bxf6 gxf6 4. d5 Qb6 5. Qc1 d6 6. e3 Na6 7. Ne2 Bd7 8. Nec3 O-O-O 9. Nd2 Bh6 10. a3 Rdg8 11. Nc4 Qd8 12. b4 Kb8 13. b5 Nc7 14. b6 Nb5 15. bxa7+ Kxa7 16. Qb2 Nxc3 17. Qxc3 b5 18. Na5 Rg4 19. Rb1 Ra4 20. Bxb5 Qxa5 21. Qxa5+ Rxa5 22. Bxd7 Rxa3 23. Kd2 Bg7 24. Bc6 Rb8 25. Rxb8 Kxb8 26. Rb1+ Kc8 27. Be8 f5 28. Bxf7 f4 29. exf4 Bd4 30. Ke2 Kc7 31. Bg8 h6 32. Bh7 Rc3 33. Be4 Ra3 34. h4 Ra4 35. Bd3 Ra3 36. g4 Ra4 37. g5 Bg7 38. Kf3 Ra3 39. Kg4 Ra4 40. Re1 Kd8 41. Be4 Ke8 42. Kh5 Kf7 43. Bg6+ Kf8 44. Rb1 Kg8 45. Rb8+ Bf8 46. Bf5 hxg5 47. Kg6 1-0

[Event "AUT-chT2S 9900"]
[Site "Austria"]
[Date "2000.01.23"]
[Round "6.6"]
[White "Lendwai, Reinhard"]
[Black "Demuth, Markus"]
[Result "1/2-1/2"]
[WhiteElo "2371"]
[BlackElo "2221"]
[Annotator "Gabriele Ballarin"]
[PlyCount "45"]
[EventDate "1999.10.??"]
[EventType "team"]
[EventRounds "11"]
[EventCountry "AUT"]
[SourceTitle "EXT 2002"]
[Source "ChessBase"]
[SourceDate "2001.11.25"]
[SourceVersion "1"]
[SourceVersionDate "2001.11.25"]
[SourceQuality "1"]

1. e4 e5 2. Bc4 Nf6 3. d3 c6 4. Nf3 d5 5. Bb3 Bd6 6. Nc3 dxe4 7. Nxe4 Nxe4 8. dxe4 Bg4 9. h3 Bh5 10. c3 Na6 11. Qe2 Nc5 12. Bc2 Qe7 13. Be3 f6 14. g4 Bf7 15. Nh4 g6 16. Nf3 Ne6 17. Bb3 a5 18. a4 O-O-O 19. Nd2 Bc5 20. O-O-O Bxe3 21. Qxe3 Nc5 22. Bc2 Kb8 23. f4 1/2-1/2

[Event "AUT-chT2S 9900"]
[Site "Austria"]
[Date "2000.01.23"]
[Round "6.6"]
[White "Manhardt, Thomas"]
[Black "Sepetavc, Walter"]
[Result "1-0"]
[WhiteElo "2180"]
[BlackElo "2020"]
[Annotator "Gabriele Ballarin"]
[PlyCount "45"]
[EventDate "1999.10.??"]
[EventType "team"]
[EventRounds "11"]
[EventCountry "AUT"]
[SourceTitle "EXT 2002"]
[Source "ChessBase"]
[SourceDate "2001.11.25"]
[SourceVersion "1"]
[SourceVersionDate "2001.11.25"]
[SourceQuality "1"]

1. e4 c5 2. d4 cxd4 3. c3 dxc3 4. Nxc3 d6 5. Bc4 Nc6 6. Nf3 e6 7. O-O Be7 8. Qe2 a6 9. Rd1 Bd7 10. a4 Rc8 11. h3 Na5 12. Ba2 Qc7 13. Bf4 e5 14. Nd5 Qb8 15. Nb6 Rd8 16. Nxd7 Rxd7 17. Bxe5 dxe5 18. Rxd7 Kxd7 19. Qd2+ Ke8 20. Qxa5 f6 21. Qd5 Nh6 22. Rc1 Rf8 23. Qe6 1-0